000 00478nam a2200169Ia 4500
003 IN-BaIIA
008 211028s9999 xx 000 0 eng d
040 _cIIA Library
080 _a624
_bGUP
100 _aGupta, V. K.
_910796
245 0 _aConcrete technology simplified
_cV. K. Gupta
260 _aDelhi
_bNew Heights
_c1977
300 _a144p.
650 _aCivil engineering
_95496
650 _aNASA thesaurus
942 _cBK
999 _c6286
_d6286